000
00219nam a22000857a 4500
008
170228b xxu||||| |||| 00| 0 eng d
100
_9
2950
_a
Chaturvedi.R.
245
_a
WorkBook our Pasts-VIII
260
_a
New Delhi
_b
APC
_c
2009
999
_c
6194
_d
6194